| 000 | 00443nam a2200157 a 4500 | ||
|---|---|---|---|
| 005 | 20140412111236.0 | ||
| 008 | 010424s19uu xx 00 eng d | ||
| 020 | _a0-590-35612-7 | ||
| 050 |
_aTR(GS 372.4 _bW158 1990 |
||
| 100 | _aWalling, Elaine | ||
| 245 |
_aCritical reading F / _cby Elaine Walling. |
||
| 260 |
_aNew York : _bScholastic Inc, _c1990. |
||
| 300 | _a32p. ; ill. | ||
| 650 | _aReading - Study and teaching | ||
| 999 |
_c102468 _d102468 |
||